Riadenie činnosti pionierskych skupín materiály z celoslovenského seminára pionierskych pracovníkov, Vršatec, 29.-30. okt. 1975

Bibliographic Details
Other Authors: Tomeková, Hana (Compiler)
Format: Book
Language:Slovak
PhysicalDescription:91 s. 29 cm
Published: Bratislava Ústredný dom pionierov a mládeže Klementa Gottwalda 1977
Subjects:

MARC

LEADER 00000cam a2200000 a 4500
001 vtls001110584
003 SK-MaSNL
005 20260301153540.0
008 180814s1977 xo 10000 slo
015 |a SNBA1978 
035 |a SNK000053427 
040 |a SNK  |b slo  |c SNK  |e AACR2 
041 0 |a slo 
044 |a xo  |c SK 
080 |a 329.78(437)PO SZM(08)  |2 1981 
245 0 0 |a Riadenie činnosti pionierskych skupín  |b materiály z celoslovenského seminára pionierskych pracovníkov, Vršatec, 29.-30. okt. 1975  |c zostavila Hana Tomeková 
260 |a Bratislava  |b Ústredný dom pionierov a mládeže Klementa Gottwalda  |c 1977 
300 |a 91 s.  |c 29 cm 
366 |e 500 výt. 
500 |a Nepredajné. Účelová publikácia 
610 2 7 |a Socialistický zväz mládeže  |2 SNKKA  |9 51618 
655 7 |a zborníky konferencií  |2 SNKPH  |9 70153 
700 1 |a Tomeková, Hana  |4 com  |9 515243 
958 |a OND 
999 |c 793439  |d 795369 
952 |a SNK  |b SNK  |y PREZ  |7 0  |p 17A0967983  |o snkSB 25869  |i snkKSP 68/78  |0 0  |1 0  |4 0  |d 2014-02-24  |f 1  |l 0  |r 2025-03-28 00:00:00  |w 2026-02-24